powiaty z większością Polską w Prusach w 1910 - Statystyki

Ogólne statystyki
  • Ten quiz został rozwiązany 22 razy
  • Średni wynik to 8 z 65
Statystyki odpowiedzi
Lp. % Polaków Rejencja Powiat % Poprawnych
24 79,9 Opolska (wiejski) opolski
56%
46 61,9 Bydgoska Gniezno
38%
58 53,2 Kwidzyńska (na wsch. od Wisły) (wiejski) toruński
31%
47 60,6 Olsztyn-Gąbin olsztyński
25%
3 87,2 Poznańska Środa Wielkopolska
25%
16 82,8 Opolska Strzelce Opolskie
25%
57 53,4 Kwidzyńska (na wsch. od Wisły) Chełmno
19%
11 83,6 Poznańska Grodzisk Wielkopolski
19%
45 62 Bydgoska Inowrocław
19%
59 53 Opolska Kluczbork
19%
64 51,4 Poznańska Międzychód
19%
49 59,8 Poznańska Obornik
19%
28 77,9 Poznańska Ostrów Wielkopolski
19%
51 57,9 Poznańska Rawicz
19%
21 81 Opolska Rybnik
19%
17 82,6 Poznańska Śrem
19%
29 74,5 Poznańska Szamotuły
19%
31 73 Opolska Tarnowskie Góry
19%
63 51,2 Olsztyn-Gąbin Ełk
13%
18 82,1 Poznańska Jarocin
13%
38 69,7 Opolska (wiejski) katowicki
13%
7 85,5 Poznańska Kępno
13%
1 89,1 Poznańska Kościan
13%
27 78,3 Opolska Koźle
13%
42 66,3 Poznańska Krotoszyn
13%
20 81,3 Kwidzyńska (na zach. od Wisły) Kwidzyn
13%
8 85,5 Opolska Lubliniec
13%
35 71,1 Bydgoska Mogilno
13%
61 51,9 Olsztyn-Gąbin Mrągowo
13%
56 54,2 Poznańska Nowy Tomyśl
13%
10 83,6 Opolska Olesno
13%
9 85,3 Poznańska Ostrzeszów
13%
12 83,4 Poznańska Pleszew
13%
5 86,6 Opolska Pszczyna
13%
37 69,9 Gdańsk-Prusy Zachodnie Puck
13%
30 73,8 Gdańsk-Prusy Zachodnie Stargard
13%
41 66,9 Kwidzyńska (na zach. od Wisły) Tuchola
13%
48 60 Opolska Zabrze
13%
32 72,9 Bydgoska Żnin
13%
65 50,9 Poznańska Babimost
6%
43 66 Kwidzyńska (na wsch. od Wisły) Brodnica
6%
54 56 Kwidzyńska (na zach. od Wisły) Chojnice
6%
6 86,5 Poznańska Gostyń
6%
33 72,4 Gdańsk-Prusy Zachodnie Kartuzy
6%
55 55,6 Opolska Królewska Huta
6%
26 79,5 Kwidzyńska (na wsch. od Wisły) Lubawa
6%
44 64,9 Olsztyn-Gąbin Nidzica
6%
50 58,3 Poznańska Poznań-Centrum
6%
34 71,3 Poznańska (wiejski) Poznań-Wschód
6%
15 82,9 Poznańska (wiejski) Poznań-Zachód
6%
2 88,9 Opolska (wiejski) raciborski
6%
60 52,9 Kwidzyńska (na zach. od Wisły) Świecie
6%
36 70,9 Olsztyn-Gąbin Szczytno
6%
62 51,5 Kwidzyńska (na wsch. od Wisły) Wąbrzeźno
6%
39 69 Bydgoska Wągrowiec
6%
22 80,7 Poznańska Września
6%
52 57,7 Gdańsk-Prusy Zachodnie Kościerzyna
0%
14 82,9 Poznańska Koźmin
0%
4 87 Poznańska Odolanów
0%
40 68,1 Olsztyn-Gąbin Pisz
0%
19 81,8 Poznańska Śmigiel
0%
23 80 Bydgoska Strzelno
0%
53 56,5 Bydgoska Szubin
0%
25 79,6 Opolska Toszek-Gliwice
0%
13 83,5 Bydgoska Witkowo
0%
Nie znaleziono quizów pasujących do podanych kryteriów
Rozkład punktacji
Procent ludzi z każdym wynikiem
Percentyl według liczby udzielonych odpowiedzi
Twoja historia wyników
Nie rozwiązałeś tego quizu